| 000 | 00342nam a2200121Ia 4500 | ||
|---|---|---|---|
| 008 | 150202s9999 xx 000 0 und d | ||
| 050 |
_aFIC _bFIC |
||
| 100 | _aBreslin, Catherine. | ||
| 245 |
_aUnholy child / _cCatherine Bresline. |
||
| 260 |
_aGreat Britain : _bSphere Books _c1979. |
||
| 300 |
_a562 pages : _c18 cm. |
||
| 650 | _aFiction. | ||
| 999 |
_c281860 _d281860 |
||